[Event "Provincial-ch Xixona Preferente"]
[Site "Xixona"]
[Date "2014.09.27"]
[Round "1.5"]
[White "Amat Cerda, Andres"]
[Black "Rubio Quintanilla Alcala, Samuel"]
[Result "1-0"]
[WhiteElo "1791"]
[BlackElo "1369"]
[PlyCount "73"]
[EventDate "2014.09.27"]
[EventType "swiss"]
[EventRounds "7"]
[EventCountry "ESP"]
[SourceTitle "EXT 2024"]
[Source "ChessBase"]
[SourceDate "2023.10.10"]
[SourceVersion "1"]
[SourceVersionDate "2023.10.10"]
[SourceQuality "1"]

1. e4 c6 2. c4 d5 3. exd5 cxd5 4. cxd5 Qxd5 5. Nc3 Qd8 6. d4 e6 7. Nf3 Bb4 8. Ne5 Nf6 9. Qa4+ Nc6 10. Nxc6 Bxc3+ 11. bxc3 Bd7 12. Nxd8 Bxa4 13. Nxb7 0-0 14. Nc5 Bc6 15. f3 Rab8 16. Be2 Rfe8 17. Kf2 Nd5 18. Bd2 Rb2 19. Nb3 Ba4 20. Rhd1 Bxb3 21. axb3 Rxb3 22. c4 Nc3 23. Bxc3 Rxc3 24. Rxa7 h6 25. Rb1 Rd8 26. Rbb7 Rxd4 27. Rxf7 Rc2 28. Rxg7+ Kf8 29. Rh7 Kg8 30. Rhe7 Rd8 31. Rxe6 Rb8 32. Kg3 Rd8 33. Rc7 Rb8 34. Bd3 Rc3 35. Bh7+ Kf8 36. Rg6 h5 37. Rg8# 1-0